Score 0/50 Timer 02:00
1 Play Today
% Correct
Atlantic
96.3%
Pacific
95.9%
Arctic
94.4%
Ice Hockey
93.1%
Indian
93%
McDonald's
92.9%
Pizza Hut
92.5%
Burger King
92.2%
Taco Bell
91.5%
Curling
90.7%
O Holy Night
90.6%
Speed Skating
90.5%
Oak
89.9%
Pine
89.2%
Jingle Bells
88.8%
Elm
88.3%
Silent Night
87.6%
Subway
87.3%
Deck the Halls
87.2%
We Three Kings
85.4%
Willow
84.6%
Luge
83.5%
We Didn't Start the Fire
76.6%
Cypress
74.6%
Southern
74.1%
% Correct
Latin
74%
Just the Way You Are
72%
Piano Man
67.3%
Sumerian
66.6%
Etruscan
65.7%
Skeleton
64.5%
Phoenician
63.7%
David Tennant
63.6%
Peter Capaldi
62.8%
Matt Smith
62.2%
Tom Baker
61.8%
Christopher Eccleston
61.6%
Siberia
55%
Ukraine
54.9%
The Stranger
52.4%
Scandinavia
52.2%
Philistine
49.6%
Garfield
49.5%
My Life
49%
Peanuts
49%
Hagar the Horrible
46.6%
Alberta
45.6%
Dilbert
44.9%
Irkutsk
42.5%
Pearls Before Swine
33%

You're not logged in!

Compare scores with friends on all Sporcle quizzes.
OR
Log In

Sporcle TV

Today on Sporcle TV


Watch our educational content, quiz creation guides, and fun videos on Sporcle TV.

Show Comments

Extras

Top Quizzes Today


Score Distribution

Your Account Isn't Verified!

In order to create a playlist on Sporcle, you need to verify the email address you used during registration. Go to your Sporcle Settings to finish the process.

Report this User

Report this user for behavior that violates our Community Guidelines.

Details: